000 01227nmc a2200409 a 4500
003 AR-BaBNM
005 20251128204832.0
008 086019s1993 ||||||||||||||000 | spa||
020 _a84-309-2364-0
040 _cAR-BaBNM
245 1 0 _aIdeologías políticas
260 _aMadrid
_bTecnos
_c1993
300 0 _a253 p.
490 0 _aSemilla y surco. Serie de ciencia política
500 0 _aContiene un índice de nombres y conceptos políticos: p. 251-253
500 0 _aTodo ello especialmente indicado para el estudio de los partidos y movimientos políticos del ámbito británico
600 1 4 _aMosley, Oswald
600 1 4 _aDisraeli, Benjamin
600 1 4 _aThatcher, Margaret
600 1 4 _aMarx, Karl
600 1 4 _aMac Diarmid, Hugh
600 1 4 _aMac Donald, Ramsay
650 4 _aCIENCIAS POLITICAS
650 4 _aDOCTRINAS POLITICAS
650 4 _aPOLITICOS
650 4 _aBRITANICOS
650 4 _aMOVIMIENTOS POLITICOS
650 4 _aPARTIDOS POLITICOS
650 4 _aIDEOLOGIAS
700 1 _aEccleshall, Robert
700 1 _aGeoghegan, Vincent
700 1 _aJay, Richard
700 1 _aWilford, Rick
700 1 _aMoreno San Martín, Julia
_etraductor
942 _cBK
998 _cEnrique
999 _c8985
_d8985